[Event "Mumbai Wealth U13 op 5th"]
[Site "Mumbai"]
[Date "2020.01.07"]
[Round "9"]
[White "Vihaan, Dumir"]
[Black "Ira, Deshmukh"]
[Result "1-0"]
[WhiteElo "1220"]
[BlackElo "1031"]
[PlyCount "87"]
[EventDate "2019.12.30"]
[EventType "swiss"]
[EventRounds "9"]
[EventCountry "IND"]
[SourceTitle "CBM 194 Extra"]
[Source "ChessBase"]
[SourceDate "2020.03.31"]
[SourceVersion "1"]
[SourceVersionDate "2020.03.31"]
[SourceQuality "1"]

1. c4 e5 2. Nc3 Nf6 3. g3 c6 4. Nf3 d6 5. d3 Be7 6. Bg2 0-0 7. 0-0 Bg4 8. Bg5 Nbd7 9. h3 Be6 10. Nd2 d5 11. Bxf6 Nxf6 12. Nf3 Nd7 13. Nd2 Nf6 14. cxd5 cxd5 15. Rc1 Qd7 16. Kh2 Rac8 17. Nf3 Qd6 18. e3 Rfd8 19. Qd2 a6 20. Ne2 Nh5 21. Rxc8 Rxc8 22. Rc1 Rxc1 23. Qxc1 h6 24. Qc3 Bf6 25. Kg1 e4 26. Nfd4 Bxd4 27. Qxd4 exd3 28. Qxd3 Qd7 29. Qd4 Qd6 30. Qd3 Qd7 31. g4 Nf6 32. f4 g6 33. Nd4 Qc8 34. Nxe6 Qxe6 35. Kh2 Qd6 36. Qd4 b5 37. Qe5 Qxe5 38. fxe5 Nd7 39. Bxd5 Nxe5 40. Bb7 a5 41. Ba6 b4 42. Kg3 Kg7 43. Kf4 Nd3+ 44. Bxd3 1-0